000 00649nam a2200229 4500
003 OSt
005 20240718032257.0
006 a
008 240718b |||||||| |||| 00| 0 eng d
020 _a0471786489
040 _aDWCL-Main lib.
_cOC
082 _aCirc. 005.74 T831f 2006
100 _aTrimble, Timothy
245 _aFilemaker pro design & scripting for dummies /
260 _aN. J. :
_bWiley Pub., Inc.,
_cc2006.
300 _axvi,
_b360 p. : ill. ;
_c23 cm.
504 _aIncludes index.
650 _a1. Filemaker pro.
650 _a2. Database design.
650 _a3. Database management.
942 _2ddc
_n0
_cBK-CIRC
_kCirc.
999 _c2357
_d2357